Представление документа в формате MARC21

Поле Инд. ПП Название Значение
Тип записи a
Библиографический уровень m
001 Контрольный номер 6f404811e6a447c4a0c70e4c2f01bfa1
005 Дата корректировки 20240430084837.3
040 b Код языка каталог. rus
041 0_ a Код языка текста rus
080 a Индекс УДК 621.3.049.77
084 a Индекс другой классификации/Индекс ББК 32.844.1
090 a Полочн. индекс 621.382
x Авторский знак П77
097 b Оператор 02
100 1_ a Автор Прищепа С. Л.
245 10 a Заглавие Цифровые логические схемы
h Физич. носитель Электронный ресурс
b Продолж. заглавия электронный образовательный ресурс
260 a Место издания Минск
b Издательство БГУИР
c Дата издания 2024
440 _0 a Серия Кафедра защиты информации
510 0_ a Примечание о ссылках Документы на электронных носителях
650 04 a Основная рубрика 47.33 Твердотельные приборы
x Основная подрубрика 47.33.31 Интегральные микросхемы
653 0_ a Ключевые слова ЭОР; электронный образовательный ресурс; логические схемы
856 40 u URL https://lms.bsuir.by/course/view.php?id=7493
901 t Тип документа m